Westernmost Countries A-Z - Statistics

General Stats
  • This quiz has been taken 21 times
  • The average score is 20 of 24
Answer Stats
Letter Answer % Correct
B Belize
100%
C Canada
100%
G Guatemala
100%
H Honduras
100%
M Mexico
100%
U United States
100%
V Venezuela
94%
A Argentina
89%
E El Salvador
89%
J Jamaica
89%
N Nicaragua
89%
P Panama
89%
Q Qatar
89%
Y Yemen
89%
D Dominican Republic
83%
O Oman
83%
Z Zambia
83%
K Kiribati
72%
R Russia
72%
F Fiji
67%
T Tonga
67%
S Samoa
61%
I Iceland
56%
L Liberia
28%
No matching quizzes found
Score Distribution
Percent of People with Each Score
Percentile by Number Answered
Your Score History
You have not taken this quiz